[Event "Maspork Nachod-Kostelec n.O. 6,5:1,5"]
[Site "?"]
[Date "2004.10.17"]
[Round "1.1"]
[White "Cerha, Michal"]
[Black "Zikmund, Jaroslav"]
[Result "1-0"]
[WhiteElo "2027"]
[BlackElo "1818"]
[PlyCount "71"]
[EventDate "2004.??.??"]

1. e4 c5 2. Nf3 Nc6 3. d4 cxd4 4. Nxd4 d6 5. Nc3 g6 6. Be3 Bg7 7. Qd2 Nf6 8. f3
Bd7 9. O-O-O a6 10. g4 O-O 11. h4 h5 12. Nxc6 Bxc6 13. Bh6 Qa5 14. Bxg7 Kxg7
15. gxh5 Nxh5 16. Rg1 Qe5 17. Rg4 Rh8 18. f4 Qf6 19. Be2 Rh6 20. Rf1 Kh7 21. f5
Qg7 22. Rg5 Nf6 23. Qf4 Rf8 24. Rfg1 Rg8 25. h5 Qf8 26. fxg6+ fxg6 27. Bc4 Rg7
28. Be6 Rxh5 29. Rxh5+ gxh5 30. Rh1 Qe8 31. Nd5 Bxd5 32. exd5 Kh8 33. Bf5 Kg8
34. Qh6 Qd8 35. Be6+ Kf8 36. Rg1 1-0

[Event "Maspork Nachod-Kostelec n.O. 6,5:1,5"]
[Site "?"]
[Date "2004.10.17"]
[Round "1.2"]
[White "Jindrasek, Mojmir"]
[Black "Vrnata, Jiri"]
[Result "1/2-1/2"]
[WhiteElo "1756"]
[BlackElo "1954"]
[PlyCount "81"]
[EventDate "2004.??.??"]

1. d4 Nf6 2. c4 g6 3. Nf3 Bg7 4. Nc3 c5 5. d5 O-O 6. e4 d6 7. Be2 Na6 8. O-O e6
9. Bg5 exd5 10. exd5 Re8 11. Re1 Qb6 12. Qd2 Bd7 13. h3 Bf5 14. Rac1 Ne4 15.
Nxe4 Rxe4 16. b3 Nb4 17. a3 Na6 18. Bd1 Rxe1+ 19. Nxe1 Re8 20. Nf3 Nb8 21. Be3
Qa6 22. a4 Qb6 23. Bc2 Bxc2 24. Qxc2 Nd7 25. Re1 Qd8 26. Kf1 Qf6 27. Bg5 Rxe1+
28. Kxe1 Qa1+ 29. Ke2 Qh1 30. Ne1 Bd4 31. Bh4 Kg7 32. Bg3 Qg1 33. Nf3 Qxg2 34.
Nxd4 cxd4 35. Qd3 Ne5 36. Qxd4 Qf3+ 37. Kd2 f6 38. Qe3 Qf5 39. Bxe5 fxe5 40.
Qxa7 Qxh3 41. Qxb7+ 1/2-1/2

[Event "Maspork Nachod-Kostelec n.O. 6,5:1,5"]
[Site "?"]
[Date "2004.10.17"]
[Round "1.3"]
[White "Nyvlt, Otto"]
[Black "Matous, Lubomir"]
[Result "1-0"]
[WhiteElo "1889"]
[BlackElo "1673"]
[PlyCount "41"]
[EventDate "2004.??.??"]

1. d4 Nf6 2. c4 d6 3. Nc3 g6 4. Nf3 Bg7 5. e4 O-O 6. Be2 c5 7. d5 Na6 8. O-O
Nc7 9. h3 h6 10. Be3 Nd7 11. Qd2 Kh7 12. Rad1 b6 13. Ne1 a5 14. f4 f5 15. exf5
gxf5 16. Qc2 Rf7 17. Bh5 Rf8 18. Kh1 Nf6 19. Be2 Kh8 20. Rg1 Rg8 21. Bd3 1-0

[Event "Maspork Nachod-Kostelec n.O. 6,5:1,5"]
[Site "?"]
[Date "2004.10.17"]
[Round "1.4"]
[White "Chmelar, Vitezslav"]
[Black "Bazant, Zdenek"]
[Result "0-1"]
[WhiteElo "1540"]
[BlackElo "1917"]
[PlyCount "50"]
[EventDate "2004.??.??"]

1. e4 c5 2. Nf3 Nf6 3. e5 Nd5 4. d4 cxd4 5. Nxd4 Nc6 6. f4 e6 7. c3 a6 8. Nxc6
bxc6 9. Bc4 f6 10. Bxd5 cxd5 11. exf6 Qxf6 12. O-O Bc5+ 13. Kh1 O-O 14. Qd3 a5
15. Re1 Ba6 16. Qd1 Bf2 17. Re5 d6 18. Rh5 g6 19. Rh3 Rab8 20. Nd2 Qxf4 21. Nf3
Qe4 22. Rxh7 Be2 23. Bh6 Rxf3 24. Rg7+ Kh8 25. Qb1 Rd3 0-1

[Event "Maspork Nachod-Kostelec n.O. 6,5:1,5"]
[Site "?"]
[Date "2004.10.17"]
[Round "1.5"]
[White "Bednar, Jiri"]
[Black "Stolba, Oldrich"]
[Result "1-0"]
[WhiteElo "1878"]
[BlackElo "1492"]
[PlyCount "88"]
[EventDate "2004.??.??"]

1. b4 e5 2. Bb2 d6 3. e3 Nf6 4. b5 c6 5. a4 b6 6. c4 Qc7 7. Nf3 Be7 8. Be2 O-O
9. O-O Bb7 10. Qb3 Nbd7 11. d4 a6 12. Nc3 h6 13. Nh4 Rfe8 14. Nf5 Bf8 15. Rfd1
Rad8 16. Ba3 exd4 17. exd4 Ne4 18. Nxe4 Rxe4 19. Bd3 Ree8 20. Bc2 g6 21. Qg3
Nf6 22. Rac1 Bc8 23. Ne3 cxb5 24. cxb5 Qb7 25. d5 axb5 26. axb5 Ne4 27. Qf3 Nc3
28. Bb2 Nxd1 29. Qxd1 f5 30. Bf6 Be7 31. Bb2 Bg5 32. Qd4 Kh7 33. f4 Bf6 34.
Qxf6 Re7 35. Nc4 Qc7 36. Bd3 Rf7 37. Qd4 Qc5 38. Nxb6 Qxd4+ 39. Bxd4 Bb7 40.
Kf2 g5 41. g4 Kg8 42. Bxf5 Kf8 43. fxg5 hxg5 44. Rc3 Rb8 1-0

[Event "Maspork Nachod-Kostelec n.O. 6,5:1,5"]
[Site "?"]
[Date "2004.10.17"]
[Round "1.6"]
[White "Dostalek, Petr"]
[Black "Hejzlar, Zdenek"]
[Result "1/2-1/2"]
[WhiteElo "1522"]
[BlackElo "1836"]
[PlyCount "62"]
[EventDate "2004.??.??"]

1. f4 Nh6 2. e3 f6 3. d4 e6 4. c4 Be7 5. Bd3 Nf7 6. Nf3 Nc6 7. a3 d5 8. cxd5
exd5 9. Nc3 Bg4 10. O-O Bh5 11. h3 Nh6 12. Qb3 Na5 13. Qxd5 Qxd5 14. Nxd5 Bd6
15. b4 Nb3 16. Rb1 Bf7 17. Nc3 a5 18. d5 axb4 19. axb4 Nxc1 20. Rfxc1 Ke7 21.
Nd4 Bg6 22. f5 Be8 23. Ndb5 Be5 24. e4 Nf7 25. Ne2 c6 26. dxc6 Bxc6 27. Nbd4
Rhc8 28. Nxc6+ bxc6 29. b5 cxb5 30. Rxc8 Rxc8 31. Rxb5 Nd6 1/2-1/2

[Event "Maspork Nachod-Kostelec n.O. 6,5:1,5"]
[Site "?"]
[Date "2004.10.17"]
[Round "1.7"]
[White "Novotny, Jan"]
[Black "Labik, Jaroslav"]
[Result "1/2-1/2"]
[WhiteElo "1830"]
[BlackElo "1718"]
[PlyCount "45"]
[EventDate "2004.??.??"]

1. e4 c5 2. Nf3 d6 3. d4 cxd4 4. Nxd4 Nf6 5. Nc3 a6 6. Bg5 e6 7. Qd2 Be7 8.
O-O-O h6 9. Bh4 O-O 10. f4 Qc7 11. Bf2 Nc6 12. Be2 Nxd4 13. Bxd4 b5 14. e5 Ne8
15. exd6 Bxd6 16. g3 Bb7 17. Rhe1 Bb4 18. Qe3 Rc8 19. Bd3 Bc5 20. Bxc5 Qxc5 21.
Qxc5 Rxc5 22. Be4 Bxe4 23. Nxe4 1/2-1/2

[Event "Maspork Nachod-Kostelec n.O. 6,5:1,5"]
[Site "?"]
[Date "2004.10.17"]
[Round "1.8"]
[White "Marel, Vaclav"]
[Black "Pinkava, Josef"]
[Result "0-1"]
[WhiteElo "1607"]
[BlackElo "1845"]
[PlyCount "74"]
[EventDate "2004.??.??"]

1. e4 c5 2. Nf3 d6 3. d4 cxd4 4. Nxd4 Nf6 5. Nc3 a6 6. Be2 g6 7. Be3 Bg7 8. Qd2
O-O 9. Bf3 Qc7 10. Nd5 Nxd5 11. exd5 Nd7 12. b3 Ne5 13. Be2 b5 14. h3 Bb7 15.
f4 Bxd5 16. fxe5 Bxe5 17. O-O Rac8 18. Bd3 Ba8 19. Rad1 d5 20. Nf3 Bc3 21. Qc1
e5 22. Nh2 f5 23. Bh6 Rf6 24. Qg5 e4 25. Be2 Rf7 26. g4 Bf6 27. Qd2 Qg3+ 28.
Kh1 d4 29. Qf4 Qxf4 30. Rxf4 Rxc2 31. gxf5 Rxe2 32. fxg6 hxg6 33. Ng4 e3+ 34.
Kg1 Rg2+ 35. Kf1 e2+ 36. Ke1 Bh4+ 37. Kd2 e1=Q+ 0-1

[Event "Vrchoviny-Maspork Nachod 1:7"]
[Site "?"]
[Date "2004.11.07"]
[Round "2.1"]
[White "Zizka, Jan"]
[Black "Vrnata, Jiri"]
[Result "1/2-1/2"]
[WhiteElo "1783"]
[BlackElo "1954"]
[PlyCount "80"]
[EventDate "2004.??.??"]

1. e4 c5 2. Nf3 d6 3. d4 cxd4 4. Nxd4 Nf6 5. Nc3 a6 6. Bg5 e6 7. Be2 Qb6 8. Qd2
Nbd7 9. f4 Qxb2 10. Rb1 Qa3 11. Bxf6 gxf6 12. f5 Bh6 13. Qd3 Nc5 14. Qf3 e5 15.
Nb3 Bd7 16. Nd5 O-O-O 17. Nxc5 Qxc5 18. Qb3 Bc6 19. Ne7+ Kb8 20. Nxc6+ Qxc6 21.
O-O Rd7 22. Bd3 Rg8 23. Kh1 Bf4 24. Qb6 Qxb6 25. Rxb6 Be3 26. Rb3 Rc7 27. Rfb1
Ka7 28. a3 b6 29. g3 a5 30. Kg2 Bd4 31. Kf3 h5 32. a4 Rg5 33. Re1 Rc8 34. Re2
Rcg8 35. Rg2 Kb7 36. Bc4 R5g7 37. Bd5+ Ka7 38. Bc4 Rc8 39. Bd3 Rc7 40. Re2 Rg8
1/2-1/2

[Event "Vrchoviny-Maspork Nachod 1:7"]
[Site "?"]
[Date "2004.11.07"]
[Round "2.2"]
[White "Kuchar, Jiri"]
[Black "Kansky, Josef"]
[Result "1-0"]
[WhiteElo "1964"]
[BlackElo "1767"]
[PlyCount "141"]
[EventDate "2004.??.??"]

1. e4 e6 2. d4 d5 3. Nd2 dxe4 4. Nxe4 Nd7 5. Nf3 Ngf6 6. Bg5 Be7 7. Ng3 h6 8.
Be3 Nd5 9. Bd3 b6 10. Qd2 Bb7 11. O-O Nxe3 12. fxe3 O-O 13. e4 c5 14. c3 Rc8
15. Rad1 Qc7 16. Bb1 cxd4 17. cxd4 Ba6 18. Rfe1 Rfd8 19. Rc1 Qb8 20. Rc3 Rxc3
21. bxc3 Bc4 22. Qc2 b5 23. e5 Nf8 24. Qe4 Qb6 25. Nh5 g6 26. Nf6+ Kg7 27. Qh4
Qc7 28. Qf4 Rb8 29. h4 Qd8 30. h5 Rc8 31. hxg6 Bxf6 32. exf6+ Qxf6 33. Qxf6+
Kxf6 34. gxf7 Kxf7 35. Ne5+ Kf6 36. Re3 Bd5 37. Rh3 Kg5 38. Kh2 b4 39. cxb4 Rc1
40. Bd3 Rd1 41. a4 Rd2 42. Rg3+ Kf6 43. Rg8 Ke7 44. Rg7+ Kf6 45. Rf7+ Kg5 46.
Rxf8 Rxg2+ 47. Kh3 Rb2 48. Kg3 Rg2+ 49. Kh3 Rb2 50. Rb8 Kf4 51. Bc4 Bxc4 52.
Nxc4 Rb3+ 53. Kg2 Rg3+ 54. Kf2 Rc3 55. Nd2 Ra3 56. a5 h5 57. Rb7 Ra2 58. Ke2
Rb2 59. Kd3 h4 60. Kc3 Ra2 61. Rxa7 h3 62. Rh7 Kg3 63. Ne4+ Kg2 64. Ng5 h2 65.
Nxe6 Ra3+ 66. Kc4 Ra1 67. d5 Rc1+ 68. Kb5 Kg1 69. d6 Rd1 70. Kc6 Rc1+ 71. Nc5
1-0

[Event "Vrchoviny-Maspork Nachod 1:7"]
[Site "?"]
[Date "2004.11.07"]
[Round "2.3"]
[White "Kvasnicak, Karel"]
[Black "Nyvlt, Otto"]
[Result "1/2-1/2"]
[WhiteElo "1840"]
[BlackElo "1889"]
[PlyCount "43"]
[EventDate "2004.??.??"]

1. c4 Nf6 2. Nc3 g6 3. d4 Bg7 4. Nf3 O-O 5. e3 d5 6. cxd5 Nxd5 7. Be2 c5 8. O-O
cxd4 9. exd4 Nxc3 10. bxc3 Qc7 11. Qb3 Nd7 12. Ba3 Re8 13. Bc4 e6 14. Rfe1 Nb6
15. Bf1 Bd7 16. Ne5 Ba4 17. Qb2 Rac8 18. c4 Bxe5 19. dxe5 Nxc4 20. Bxc4 Qxc4
21. Qxb7 Bc6 22. Qb3 1/2-1/2

[Event "Vrchoviny-Maspork Nachod 1:7"]
[Site "?"]
[Date "2004.11.07"]
[Round "2.4"]
[White "Gogela, Jan"]
[Black "Skalak, Ales"]
[Result "1-0"]
[WhiteElo "1957"]
[BlackElo "1651"]
[PlyCount "43"]
[EventDate "2004.??.??"]

1. e4 e5 2. Nf3 Nf6 3. Bc4 d6 4. Ng5 d5 5. exd5 Bc5 6. Nc3 Bxf2+ 7. Kxf2 Ng4+
8. Kg1 Qxg5 9. h3 Nf2 10. Qf3 Nxh1 11. Kxh1 Qe7 12. d4 Nd7 13. d6 Qf6 14. Qe2
O-O 15. dxc7 exd4 16. Nd5 Qe5 17. Qf2 Nf6 18. Bf4 Qh5 19. Nxf6+ gxf6 20. Qxd4
Be6 21. Qxf6 Bxc4 22. Be5 1-0

[Event "Vrchoviny-Maspork Nachod 1:7"]
[Site "?"]
[Date "2004.11.07"]
[Round "2.6"]
[White "Bednar, Jiri"]
[Black "Boruvka, Jaroslav"]
[Result "1-0"]
[WhiteElo "1878"]
[BlackElo "1720"]
[PlyCount "43"]
[EventDate "2004.??.??"]

1. b4 Nf6 2. Bb2 e6 3. b5 Be7 4. c4 b6 5. Nf3 Bb7 6. Nc3 d6 7. d4 Nbd7 8. e3
O-O 9. Be2 a5 10. Qc2 Rc8 11. Rd1 Re8 12. O-O h6 13. e4 Nh7 14. Na4 Ng5 15.
Nxg5 hxg5 16. e5 g6 17. f4 Kg7 18. d5 dxe5 19. dxe6 fxe6 20. fxg5 Bd6 21. Bd3
Qxg5 22. Bc1 1-0

[Event "Maspork Nachod-SK Lipa D 6,5:1,5"]
[Site "?"]
[Date "2004.??.21"]
[Round "3.1"]
[White "Mojzis, Jan"]
[Black "Dosedel, Jiri"]
[Result "1/2-1/2"]
[WhiteElo "2178"]
[BlackElo "2022"]
[PlyCount "47"]
[EventDate "2004.??.??"]

1. e4 d6 2. d4 g6 3. Nf3 Bg7 4. h3 Nf6 5. Nc3 O-O 6. Be3 Nbd7 7. a4 e5 8. dxe5
dxe5 9. a5 c6 10. Qd6 Ne8 11. Qa3 Bf6 12. Bc4 Qe7 13. Qxe7 Bxe7 14. O-O Kg7 15.
Rfb1 f5 16. Ng5 Nc7 17. exf5 gxf5 18. f4 e4 19. Ne6+ Nxe6 20. Bxe6 Bc5 21. Kf2
Bxe3+ 22. Kxe3 Nf6 23. Bc4 Re8 24. Rd1 1/2-1/2

[Event "Maspork Nachod-SK Lipa D 6,5:1,5"]
[Site "?"]
[Date "2004.??.21"]
[Round "3.2"]
[White "Novak, Ludek"]
[Black "Cerha, Michal"]
[Result "0-1"]
[WhiteElo "1985"]
[BlackElo "2027"]
[PlyCount "62"]
[EventDate "2004.??.??"]

1. d4 Nf6 2. c4 c5 3. d5 b5 4. cxb5 a6 5. bxa6 Bxa6 6. Nc3 d6 7. g3 g6 8. Bg2
Bg7 9. Nf3 O-O 10. O-O Nbd7 11. Qc2 Qa5 12. Re1 Rfb8 13. e4 Ng4 14. Bg5 Rxb2
15. Qxb2 Bxc3 16. Qc1 Bxa1 17. Qxa1 f6 18. Bd2 Qa4 19. e5 fxe5 20. Bh3 Rf8 21.
Ng5 Rxf2 22. Ne4 Rxd2 23. Nxd2 Ndf6 24. Bxg4 Qxg4 25. Qb2 Qd4+ 26. Qxd4 cxd4
27. Rb1 e4 28. Rb6 e3 29. Nf3 d3 30. Rb2 Ne4 31. Nd4 d2 0-1

[Event "Maspork Nachod-SK Lipa D 6,5:1,5"]
[Site "?"]
[Date "2004.??.21"]
[Round "3.3"]
[White "Vrnata, Jiri"]
[Black "Mares, Ilja"]
[Result "1-0"]
[WhiteElo "1954"]
[BlackElo "1867"]
[PlyCount "69"]
[EventDate "2004.??.??"]

1. e4 c5 2. Nf3 Nc6 3. d4 cxd4 4. Nxd4 Nf6 5. Nc3 e6 6. Be3 Bb4 7. Ndb5 Nxe4 8.
Qg4 Nf6 9. Qxg7 Rg8 10. Qh6 Rg6 11. Qh4 a6 12. Nd4 Bxc3+ 13. bxc3 Qa5 14. Bd2
Qe5+ 15. Ne2 Rg4 16. Qh3 Nb4 17. f4 Nxc2+ 18. Kd1 Qe4 19. Rc1 Na3 20. Ng3 Qa4+
21. Ke1 Nc4 22. Nh5 Rg6 23. f5 Nxh5 24. fxg6 hxg6 25. Qh4 Nb6 26. c4 Qc6 27.
Qd4 f6 28. Qg4 Kf7 29. Bd3 f5 30. Qg5 Qd6 31. Be2 Nf6 32. c5 Qd4 33. Bc3 Ne4
34. Bxd4 Nxg5 35. cxb6 1-0

[Event "Maspork Nachod-SK Lipa D 6,5:1,5"]
[Site "?"]
[Date "2004.11.21"]
[Round "3.4"]
[White "Kram, Jiri"]
[Black "Nyvlt, Otto"]
[Result "1/2-1/2"]
[WhiteElo "1856"]
[BlackElo "1889"]
[PlyCount "62"]
[EventDate "2004.??.??"]

1. d4 Nf6 2. Nf3 d5 3. c4 c6 4. c5 g6 5. Bf4 Bg7 6. Nc3 O-O 7. Bxb8 Rxb8 8. Qa4
Bf5 9. e3 b5 10. Qd1 Qa5 11. Nd2 b4 12. Qa4 Qc7 13. Ne2 Bd3 14. Nf4 Bxf1 15.
Kxf1 e5 16. dxe5 Ng4 17. Nf3 Bxe5 18. Nd3 Bxh2 19. Nxb4 Be5 $138 20. Rb1 Rb5
$138 21. Nxd5 Qd7 $8 $138 22. Nxe5 Qxd5 $138 23. Qxg4 $138 Qxe5 $138 24. Qd4
$138 Qxc5 $138 25. Qxc5 $138 Rxc5 $138 26. Rh4 $138 Rc2 $138 27. Ra4 $138 Rd8
$138 28. Rd4 $138 Rxd4 $138 29. exd4 $138 Rd2 $138 30. Rc1 $138 Rxd4 $138 31.
Rxc6 $138 Rd2 $138 1/2-1/2

[Event "Maspork Nachod-SK Lipa D 6,5:1,5"]
[Site "?"]
[Date "2004.11.21"]
[Round "3.5"]
[White "Bednar, Jiri"]
[Black "Dvorak, Radovan"]
[Result "1/2-1/2"]
[WhiteElo "1878"]
[BlackElo "1647"]
[PlyCount "83"]
[EventDate "2004.??.??"]

1. e4 e5 2. Nf3 Nc6 3. Bc4 Be7 4. c3 Nf6 5. Qe2 O-O 6. b4 a6 7. O-O d6 8. d3
Bg4 9. Nbd2 b5 10. Bb3 Qd7 11. Rd1 Nh5 12. Nf1 Nf6 13. Ng3 a5 14. bxa5 Nxa5 15.
Bb2 Nxb3 16. axb3 d5 17. d4 dxe4 18. Nxe4 Qd5 19. Nxf6+ Bxf6 20. dxe5 Rxa1 21.
Bxa1 Bxf3 22. Rxd5 Bxe2 23. exf6 Ra8 24. Bb2 gxf6 25. f3 Ra2 26. Rd8+ Kg7 27.
Rd2 Bd1 28. c4 Bxb3 29. cxb5 Bc4 30. Rc2 Ra4 31. Kf2 Bxb5 32. Rxc7 Rc4 33. Rxc4
Bxc4 34. Ke3 Kg6 35. Kf4 f5 36. h4 h5 37. Be5 Bf1 38. g3 Bc4 39. Bc7 Ba2 40.
Bd8 Be6 41. Ke5 Bb3 42. Be7 1/2-1/2

[Event "Maspork Nachod-SK Lipa D 6,5:1,5"]
[Site "?"]
[Date "2004.11.21"]
[Round "3.6"]
[White "Doubrava, Pavel"]
[Black "Hejzlar, Zdenek"]
[Result "0-1"]
[WhiteElo "1647"]
[BlackElo "1836"]
[PlyCount "124"]
[EventDate "2004.??.??"]

1. d4 d5 2. Nf3 c6 3. c3 Bf5 4. Bg5 h6 5. Bf4 e6 6. e3 Nd7 7. Bd3 Ne7 8. Ne5
Nxe5 9. Bxe5 Bxd3 10. Qxd3 Ng6 11. Bg3 Bd6 12. Nd2 Bxg3 13. hxg3 Qd7 14. c4
dxc4 15. Nxc4 e5 16. Rd1 O-O-O 17. Qa3 Kb8 18. O-O Qe6 19. Nxe5 Nxe5 20. dxe5
Qxe5 21. b4 Rd5 22. Qb3 Rhd8 23. a4 Qe6 24. Rxd5 Qxd5 25. Qc3 f6 26. Rc1 a6 27.
a5 Qd2 28. Qc5 Rd5 29. Qf8+ Ka7 30. Rf1 Rd7 31. Qc5+ Kb8 32. Qf8+ Kc7 33. Qc5
Qd6 34. Qc4 Re7 35. Rc1 Re5 36. Qf7+ Qd7 37. Qc4 Rd5 38. Qf4+ Rd6 39. e4 Kc8
40. Qe3 Rd4 41. Rb1 Qd6 42. Qe1 Qe5 43. f3 Rd6 44. Kh2 Kb8 45. Rc1 Kc8 46. Qc3
Qxc3 47. Rxc3 Kc7 48. Rc2 Rd4 49. Rb2 Kd7 50. Kh3 Rd3 51. Kg4 g6 52. Kf4 Kd6
53. g4 Ke6 54. Rc2 Rb3 55. Rc4 Rb2 56. Ke3 Rxg2 57. Rd4 Rb2 58. Rd8 Rb3+ 59.
Kf4 Rxb4 60. Rh8 Rb5 61. Rxh6 g5+ 62. Ke3 Rxa5 0-1

[Event "Maspork Nachod-SK Lipa D 6,5:1,5"]
[Site "?"]
[Date "2004.11.21"]
[Round "3.7"]
[White "Novotny, Jan"]
[Black "Balcar, Jaroslav"]
[Result "1-0"]
[WhiteElo "1830"]
[BlackElo "1485"]
[PlyCount "65"]
[EventDate "2004.??.??"]

1. e4 e5 2. Nf3 Nc6 3. Bb5 Nf6 4. d3 a6 5. Bxc6 bxc6 6. Nxe5 Bd6 7. Nf3 Qe7 8.
O-O Bc5 9. d4 Bb6 10. e5 Nd5 11. c4 O-O 12. cxd5 cxd5 13. Nc3 c6 14. Bf4 f6 15.
exf6 Qxf6 16. Be5 Qh6 17. Qd2 Qxd2 18. Nxd2 Bb7 19. Rfe1 Rad8 20. Bd6 Rf5 21.
Nb3 Ba7 22. Nc5 Bc8 23. Rad1 Bb6 24. b4 a5 25. N3a4 Bxc5 26. Nxc5 axb4 27. Rb1
Kf7 28. Kf1 Re8 29. Rxb4 Rf6 30. Rxe8 Kxe8 31. Rb8 Rxd6 32. Rxc8+ Ke7 33. a4
1-0

[Event "Maspork Nachod-SK Lipa D 6,5:1,5"]
[Site "?"]
[Date "2004.11.21"]
[Round "3.8"]
[White "Dunda, Pavel"]
[Black "Balcar, Jaroslav"]
[Result "0-1"]
[WhiteElo "1333"]
[BlackElo "1798"]
[PlyCount "73"]
[EventDate "2004.??.??"]

1. e4 e5 2. Nf3 Nc6 3. d4 exd4 4. Nxd4 Bc5 5. c3 Qf6 6. Be3 Nxd4 7. Bxd4 Bxd4
8. Qxd4 d6 9. h3 Bd7 10. Nd2 Qg6 11. O-O-O Ne7 12. g4 Nc6 13. Qe3 O-O-O 14. Bd3
Qe6 15. Bc4 Qe7 16. Nb3 Kb8 17. Nd4 Nxd4 18. Qxd4 f6 19. f3 h5 20. Qf2 Rh6 21.
Rh2 Rdh8 22. Rdh1 Qe5 23. Bd3 Qf4+ 24. Qd2 Qxd2+ 25. Kxd2 g5 26. gxh5 Rxh5 27.
Bf1 Kc8 28. Ke3 Rh4 29. Kf2 Kd8 30. Kg3 Ke7 31. Bc4 a6 32. b4 b5 33. Bf1 Ke6
34. Rd2 Bc6 35. Bg2 Ke5 36. Re1 Ra8 37. Bf1 0-1

[Event "Spartak Rychnov-Maspork Nachod 3:5"]
[Site "?"]
[Date "2004.12.05"]
[Round "4.1"]
[White "Kotyza, Bohumil"]
[Black "Vrnata, Jiri"]
[Result "0-1"]
[WhiteElo "1895"]
[BlackElo "1954"]
[PlyCount "104"]
[EventDate "2004.??.??"]

1. c4 Nf6 2. Nc3 g6 3. g3 Bg7 4. Bg2 O-O 5. Nf3 c6 6. O-O Na6 7. d3 Nh5 8. Be3
e5 9. Qd2 f5 10. Bh6 d6 11. Bxg7 Kxg7 12. Rab1 Nc7 13. b4 Ne6 14. b5 c5 15. Nd5
h6 16. Qb2 Kh7 17. e3 g5 18. Nd2 Bd7 19. Nb3 g4 20. f4 gxf3 21. Bxf3 Qg5 22.
Qe2 Nhg7 23. Rf2 Rf7 24. Rbf1 Raf8 25. Rg2 Qg6 26. Nc3 Bc8 27. Bd5 Kh8 28. Rff2
Rf6 29. Kf1 Ng5 30. Ke1 Nh3 31. Rf1 b6 32. Nd2 Ne6 33. Nf3 Qe8 34. Nh4 f4 35.
Ne4 f3 36. Nxf3 Rg6 37. Nxd6 Qe7 38. Nxc8 Rxc8 39. Nxe5 Rf6 40. Qh5 Rxf1+ 41.
Kxf1 Qf6+ 42. Ke2 Neg5 43. d4 cxd4 44. exd4 Kg7 45. Kd2 Qd6 46. Qd1 Qb4+ 47.
Kc1 Rf8 48. Qd3 Rf6 49. Nc6 Qe1+ 50. Kb2 Nf2 51. Qc2 Nd1+ 52. Kb3 Qe3+ 0-1

[Event "Spartak Rychnov-Maspork Nachod 3:5"]
[Site "?"]
[Date "2004.12.05"]
[Round "4.2"]
[White "Kuchar, Jiri"]
[Black "Krejcar, Pavel"]
[Result "1/2-1/2"]
[WhiteElo "1964"]
[BlackElo "1845"]
[PlyCount "105"]
[EventDate "2004.??.??"]

1. e4 c6 2. d4 d5 3. e5 Bf5 4. g4 Bc8 5. Bg2 e6 6. Ne2 c5 7. c3 cxd4 8. cxd4
Bb4+ 9. Bd2 Bxd2+ 10. Nxd2 Ne7 11. O-O O-O 12. f4 Nbc6 13. Bh3 f5 14. Nb3 fxg4
15. Bxg4 Nf5 16. Bxf5 Rxf5 17. Ng3 Rf7 18. Qg4 b6 19. Rac1 Ne7 20. Rc3 Nf5 21.
Nxf5 Rxf5 22. Rf2 Bd7 23. Rg2 g6 24. Nd2 Rc8 25. Nf1 Rxc3 26. bxc3 Qf8 27. Rf2
Kh8 28. Qg3 Rf7 29. Ne3 h5 30. Rg2 Rg7 31. h3 Kh7 32. Kh2 Qe7 33. Rf2 Qd8 34.
Qf3 Qh4 35. Ng2 Qe7 36. Qd3 Be8 37. Ne3 Kg8 38. c4 Qh4 39. Rf1 dxc4 40. Qxc4
Qe7 41. f5 gxf5 42. Nxf5 Qc7 43. Qxe6+ Bf7 44. Ne7+ Kf8 45. Qc8+ Qxc8 46. Nxc8
Kg8 47. Rg1 Bxa2 48. Rxg7+ Kxg7 49. Nxa7 Kg6 50. Kg3 Kf5 51. Nc8 Ke4 52. Nxb6
Kxd4 53. Kf4 1/2-1/2

[Event "Spartak Rychnov-Maspork Nachod 3:5"]
[Site "?"]
[Date "2004.12.05"]
[Round "4.3"]
[White "Hornicek, Ondrej"]
[Black "Nyvlt, Otto"]
[Result "1-0"]
[WhiteElo "1681"]
[BlackElo "1889"]
[PlyCount "117"]
[EventDate "2004.??.??"]

1. e4 Nf6 2. e5 Nd5 3. d4 d6 4. Bc4 Nb6 5. Bb3 dxe5 6. Qh5 e6 7. dxe5 g6 8. Qe2
Nc6 9. c3 Bg7 10. Bf4 Nd5 11. Bg3 h5 12. h4 Nce7 13. Nd2 Nf5 14. Ngf3 Nxg3 15.
fxg3 Qe7 16. Ne4 Bd7 17. Rd1 Bc6 18. Bc2 O-O-O 19. b4 Nb6 20. O-O Nd7 21. Neg5
Bd5 22. Be4 Bxe5 23. Bxd5 exd5 24. Rxd5 f6 25. Nxe5 Nxe5 26. Rxe5 fxe5 27. Nf7
Rhf8 28. Nxd8 Rxf1+ 29. Kxf1 Kxd8 30. Qe4 Qf6+ 31. Kg1 c6 32. Qe3 b6 33. Qd3+
Kc7 34. a4 Qd6 35. Qf3 Qd5 36. Qf6 Qd6 37. Qf7+ Kb8 38. Kh2 e4 39. Qe8+ Kc7 40.
Qxe4 a6 41. Qe8 Qd3 42. Qa8 c5 43. Qa7+ Kc6 44. Qa8+ Kc7 45. Qf3 Qb1 46. Qe3
Kd6 47. Qf2 Kc6 48. bxc5 bxc5 49. Qf6+ Kb7 50. Qe7+ Kc6 51. Qe6+ Kb7 52. Qd7+
Kb6 53. Qd6+ Ka5 54. Qxc5+ Kxa4 55. c4 Qe4 56. Qc7 Kb4 57. c5 g5 58. hxg5 h4
59. Qf4 1-0

[Event "Spartak Rychnov-Maspork Nachod 3:5"]
[Site "?"]
[Date "2004.12.05"]
[Round "4.4"]
[White "Bednar, Jiri"]
[Black "Krupicka, Vojtech"]
[Result "1-0"]
[WhiteElo "1878"]
[BlackElo "1730"]
[PlyCount "97"]
[EventDate "2004.??.??"]

1. e4 e5 2. Bc4 Bc5 3. Nf3 d6 4. c3 Bg4 5. Qb3 Bb6 6. Bxf7+ Kf8 7. d4 Bxf3 8.
gxf3 Qf6 9. Bxg8 Qxf3 10. Qf7+ Qxf7 11. Bxf7 Kxf7 12. dxe5 dxe5 13. Bg5 h6 14.
Bh4 Nc6 15. Nd2 g5 16. Bg3 Rad8 17. Nc4 Kf6 18. b4 Rd3 19. Rc1 Re8 20. Ke2 Rd7
21. a4 a5 22. b5 Nd8 23. Rhd1 Rde7 24. Rd5 Nf7 25. Rcd1 h5 26. f3 h4 27. Be1
Re6 28. R1d3 Nh8 29. Rd7 Ng6 30. Bd2 R8e7 31. Nxb6 cxb6 32. R3d6 Nf4+ 33. Kd1
Rxd7 34. Rxd7 Re7 35. Rxe7 Kxe7 36. Be3 Nd3 37. Bxg5+ Ke6 38. Bxh4 Nb2+ 39. Kc2
Nxa4 40. Bf2 Nc5 41. Bxc5 bxc5 42. b6 c4 43. Kb2 Kf6 44. Ka3 Kg5 45. Ka4 Kh4
46. Kxa5 Kh3 47. Kb4 Kxh2 48. Kxc4 Kg3 49. Kd5 1-0

[Event "Spartak Rychnov-Maspork Nachod 3:5"]
[Site "?"]
[Date "2004.12.05"]
[Round "4.5"]
[White "Klima, David"]
[Black "Hejzlar, Zdenek"]
[Result "1/2-1/2"]
[WhiteElo "1806"]
[BlackElo "1836"]
[PlyCount "107"]
[EventDate "2004.??.??"]

1. e4 d5 2. exd5 Nf6 3. Bb5+ Bd7 4. Bxd7+ Qxd7 5. Nc3 Nxd5 6. Nxd5 Qxd5 7. Qf3
e6 8. Qxd5 exd5 9. d4 Bd6 10. Nf3 f6 11. O-O Nc6 12. Re1+ Kf7 13. c3 Rhe8 14.
Bd2 Re7 15. Nh4 g6 16. g3 Rae8 17. Rxe7+ Rxe7 18. Re1 b5 19. Ng2 Rxe1+ 20. Bxe1
b4 21. Ne3 bxc3 22. bxc3 Ke6 23. Kf1 Na5 24. Ke2 Nc4 25. Kd3 Nxe3 26. fxe3 c5
27. e4 cxd4 28. cxd4 dxe4+ 29. Kxe4 f5+ 30. Kd3 Kd5 31. Bd2 Be7 32. Be3 Bf6 33.
Bf2 g5 34. Be3 h5 35. h3 a6 36. a4 Be7 37. Bd2 Bd8 38. Be3 Bc7 39. Bxg5 Bxg3
40. Be3 f4 41. Bg1 a5 42. Ke2 Ke4 43. d5 f3+ 44. Kf1 Bc7 45. d6 Bxd6 46. Bb6
Bb4 47. Bc7 Kd4 48. Kg1 Kc4 49. Kf2 Kb3 50. Kxf3 Kxa4 51. Kg3 Be1+ 52. Kf4 Kb4
53. Bxa5+ Kxa5 54. Kg5 1/2-1/2

[Event "Spartak Rychnov-Maspork NAchod 3:5"]
[Site "?"]
[Date "2004.12.05"]
[Round "4.6"]
[White "Novotny, Jan"]
[Black "Divisek, Vaclav"]
[Result "1-0"]
[WhiteElo "1830"]
[BlackElo "1366"]
[PlyCount "63"]
[EventDate "2004.??.??"]

1. e4 e5 2. Nf3 Nc6 3. Bb5 a6 4. Ba4 Nf6 5. O-O Be7 6. Re1 O-O 7. Bxc6 dxc6 8.
Nxe5 Re8 9. d4 c5 10. c3 Bd6 11. f4 b6 12. Qb3 Bxe5 13. dxe5 Ng4 14. g3 Qd3 15.
Qd1 Rd8 16. Qxd3 Rxd3 17. Kg2 h5 18. h3 Nh6 19. Nd2 h4 20. Nf1 Bb7 21. Kf2
hxg3+ 22. Nxg3 Rad8 23. f5 Rd1 24. Bg5 Rxa1 25. Rxa1 Re8 26. Bf4 Kh7 27. Rd1 g6
28. Rd7 gxf5 29. exf5 Kg7 30. Nh5+ Kf8 31. Bxh6+ Kg8 32. Nf6+ 1-0

[Event "Spartak Rychnov-Maspork Nachod 3:5"]
[Site "?"]
[Date "2004.12.05"]
[Round "4.7"]
[White "Andres, Jaroslav"]
[Black "Pinkava, Josef"]
[Result "0-1"]
[WhiteElo "1629"]
[BlackElo "1845"]
[PlyCount "100"]
[EventDate "2004.??.??"]

1. e4 c5 2. Nf3 d6 3. Nc3 g6 4. Be2 Bg7 5. d4 cxd4 6. Nxd4 Nc6 7. Be3 Nf6 8.
O-O O-O 9. Rb1 Bd7 10. h3 a6 11. a3 Rc8 12. Bf3 Ne5 13. Re1 b5 14. Be2 Nc4 15.
Bxc4 Rxc4 16. f3 Bc6 17. Nxc6 Rxc6 18. Qe2 Qc8 19. Bd2 e6 20. Rbd1 Rd8 21. Bg5
h6 22. Bd2 d5 23. exd5 Nxd5 24. Nxd5 Rxd5 25. c3 Rcd6 26. Bf4 Qc5+ 27. Kh2 Rd7
28. Rxd5 Qxd5 29. Qe3 g5 30. Bg3 Qd2 31. Qc5 Bf6 32. Qc8+ Rd8 33. Qxa6 Qxb2 34.
Be5 Bxe5+ 35. Rxe5 Rd2 36. Qa8+ Kg7 37. f4 gxf4 38. Qf3 Rf2 39. Qg4+ Kf8 40.
Rc5 f3 41. Rc8+ Ke7 42. Qh4+ f6 43. Rc7+ Kd8 44. Qxf6+ Kxc7 45. Qe7+ Kb6 46.
Qxe6+ Ka5 47. Kg3 Rxg2+ 48. Kf4 Qd2+ 49. Kxf3 Qf2+ 50. Ke4 Qe2+ 0-1